00589nam a2200181Ia 4500952014200000999001300142003000400155005001700159008004100176040000900217082001700226100003000243245004000273260003400313300000900347650001100356942004000367 00102ddc40708LITaMESbMEScARBd2019-02-20g450.00l1m1o892.7 KAL/Np37035r2021-01-12 00:00:00s2020-12-17w2019-02-20yBKzGR4R5 c858d858OSt20210916133937.0190216s9999||||xx |||||||||||||| ||und|| coclc a892.7bKAL/N aKalakish, Mohammed 98859 0aNajib Mahafoos /cMohammed Kalakish bDarul Fikr, c2008,aLabanan: a232p aArabic cBK2ddch892.7iKAL/Nk892.7mKAL/N